000 01194nam a2200289Ia 4500
001 F6969
003 IT-RoPAU
008 130308s9999 xx 000 0 und d
040 _aIT-RoPAU
040 _cIT-RoPAU
041 _aITALIANO
100 _aCerchiari Luca
100 _gCodice Aut. SPICS: 8191
245 _aJazz (Il). Una civiltà musicale afro-americana ed Europea
245 _bJazz (Il). Una Civilta' Musicale Afro-Americana ed Europea
250 _a1a ed.
260 _aMILANO
260 _bBompiani
260 _c1997 [1° Ed.:1997 - Ed.Ling.Originale:1997]
300 _a"348 p. (prefazione: no ; testo: 348 [pagine: 0-0])"
500 _aJazz Dalla Storia Alla Musicologia. Fonti Africane. Fonti Europee. Fonti Americane. Fra Teoria e Storia: Verso una Nuova Definizione del Jazz. relazioni con la Musica del Novecento e Contributo del Jazz Alla Musicologia. Bibliografia. Discografia. Glossario del Jazz. Musica Piu' Rappresentativa Delricco e Composito Panorama di forze creative Cha Ha Caratterizzato Il Novecento Musicale.
650 _aSTORIA NAZIONALE DELLA MUSICA
650 _eCodice materia Spics: 7009
942 _cBK
957 _71
999 _c94502
_d94502
999 _g1